Say neighbor--your house is on fire! / (Record no. 3556)

MARC details
000 -LEADER
fixed length control field 00731nam a2200241 i 4500
001 - CONTROL NUMBER
control field 2688298
003 - CONTROL NUMBER IDENTIFIER
control field GBCCL
005 - DATE AND TIME OF LATEST TRANSACTION
control field 20241126110457.0
008 - FIXED-LENGTH DATA ELEMENTS--GENERAL INFORMATION
fixed length control field 750612s1975 txu 000 0 eng
010 ## -
-- 75006207
020 ## - INTERNATIONAL STANDARD BOOK NUMBER
International Standard Book Number 089038021X
040 ## - CATALOGING SOURCE
Original cataloging agency DLC
Transcribing agency DLC
Modifying agency DLC
050 00 -
-- BX6333.D68
-- S29
082 00 - DEWEY DECIMAL CLASSIFICATION NUMBER
Classification number 252.061
Item number DRA
100 1# - MAIN ENTRY--PERSONAL NAME
Personal name Draper, James T.
9 (RLIN) 1008
245 10 - TITLE STATEMENT
Title Say neighbor--your house is on fire! /
Statement of responsibility, etc. By James T. Draper, Jr. ; with foreword by Cliff Barrows.
260 ## - PUBLICATION, DISTRIBUTION, ETC.
Place of publication, distribution, etc. Dallas :
Name of publisher, distributor, etc. Crescendo Book Publications,
Date of publication, distribution, etc. [1975]
300 ## - PHYSICAL DESCRIPTION
Extent 190 p. ;
Dimensions 21 cm.
650 #0 - SUBJECT ADDED ENTRY--TOPICAL TERM
Topical term or geographic name entry element Baptists
General subdivision Sermons.
9 (RLIN) 1091
650 #0 - SUBJECT ADDED ENTRY--TOPICAL TERM
Topical term or geographic name entry element Sermons, American.
9 (RLIN) 270
906 ## - LOCAL DATA ELEMENT F, LDF (RLIN)
a 7
b cbc
c orignew
d 2
e ocip
f 19
g y-gencatlg
942 ## - ADDED ENTRY ELEMENTS (KOHA)
Source of classification or shelving scheme Dewey Decimal Classification
Koha item type Books
Holdings
Withdrawn status Lost status Source of classification or shelving scheme Damaged status Not for loan Home library Current Library Shelving location Date acquired Total checkouts Full call number Barcode Date last seen Copy number Price effective from Koha item type
    Dewey Decimal Classification     GRACE BIBLE COLLEGE GRACE BIBLE COLLEGE Ministry & Mission 2017-11-29   252.061 DRA 009649 2025-05-01 c.1 2017-11-29 Books
© Grace Bible College Library 2025